| 000 | 00436nam a22001697a 4500 | ||
|---|---|---|---|
| 005 | 20250604130514.0 | ||
| 008 | 250604b |||||||| |||| 00| 0 eng d | ||
| 020 | _a9780071285506 | ||
| 050 |
_aHD 62.4.H548 HIL _b1 |
||
| 100 | _aHILL,W.L. Charlse | ||
| 245 | _aGlobal business today | ||
| 250 | _a6th | ||
| 260 |
_aBoston _bMcGraw-Hill _c2009c |
||
| 300 | _axxiii,608p | ||
| 500 | _aMaps, pictures diagrams | ||
| 942 |
_2lcc _cBK _e6th _n0 |
||
| 999 |
_c6261 _d6261 |
||